000 00459nam a22001697a 4500
005 20251108164656.0
008 250721s1969 xx 000 0 ara d
082 1 4 _a811.9624/محم
100 1 _aالفيتوري، محمد
245 1 0 _aعاشق من إفريقيا /
264 1 _aبيروت :
_bدار العودة،
_c1969.
300 _a110ص
650 1 7 _aالشعر العربي
650 1 7 _aالسودان
942 _2ddc
_cBK
999 _c11552
_d11552